Statystyki dla Top 15 Największe Państwa Świata

Kliknij tutaj aby rozwiązać quiz!

Ogólne statystyki

  • Ten quiz został rozwiązany 446 razy
  • Średni wynik to 11 z 15

Statystyki odpowiedzi

PowierzchniaOdpowiedź% Poprawnych
17 098 242 km2Rosja
99%
9 596 960 km2Chiny
98%
9 526 468 km2Stany Zjednoczone
97%
9 984 670 km2Kanada
95%
8 515 767 km2Brazylia
92%
7 682 300 km2Australia
83%
3 287 263 km2Indie
82%
2 780 400 km2Argentyna
81%
2 724 900 km2Kazachstan
68%
1 964 375 km2Meksyk
67%
2 381 741 km2Algieria
56%
2 344 858 km2Demokratyczna Republika Konga
51%
1 904 569 km2Indonezja
46%
2 149 690 km2Arabia Saudyjska
42%
1 861 484 km2Sudan
31%

Rozkład punktacji

Percentyl według liczby udzielonych odpowiedzi

Procent ludzi z każdym wynikiem

Twoja historia wyników

Nie rozwiązałeś tego quizu